000
00371nam a2200169Ia 4500
003
0STCL
008
150530s9999 xx 000 0 und d
040
_a
STCL
_c
STCL
100
_a
Swift; Colum; Editor
245
_a
Poems of Jonathan Swift
250
_a
First
260
_c
1962
546
_a
English
942
_2
ddc
_c
BK
999
_c
53336
_d
53336
005
20220125170914.0